000 00473nam a2200121Ia 4500
008 220615s9999||||xx |||||||||||||| ||und||
100 _aScher, Stephen||Kozlowska, Kasia
245 0 _aRethinking Health Care Ethics
546 _aEnglish[eng]
650 _aPhilosophy||Bioethics||Professional education||Vocational education||Lifelong learning||Adult education||Social psychology
856 _uhttps://library.oapen.org/bitstream/20.500.12657/23276/1/1006880.pdf
942 _cEB
999 _c8945
_d8945